00729 2200253 4500001002100000005001500021035002000036007000300056008004100059020002200100082001200122084001800134100002000152245010900172250001000281260003900291300003000330650003300360700001800393504003100411500001100442990001100453990001100464INLIS00000000000242120190114010319 a0010-1118000024ta190114 g 0 ind  a978-602-7874-97-8 aR.923.1 aR.923.1 MUH e0 aMUHAMMAD, Rifai1 aEnsiklopedi Presiden Republik Indonesia :bAbdurrahman Wahid /cMuhammad Rifai; penyunting, Atania Rahma aCet.1 aYogyakarta :bAr-ruzz Media,c2016 ajil.4, 201 hlm. ;c21 cm. aPRESIDEN INDONESIA. BIOGRAFI0 aATANIA, Rahma aBibliografi : hlm. 193-198 aIndeks a5798 a a5798 b